| Поле | Инд. | ПП | Название | Значение |
|---|---|---|---|---|
| Тип записи | m | |||
| Библиографический уровень | m | |||
| 001 | Контрольный номер | b2eb7e2c36bc43f28e7715fc2e509f68 | ||
| 005 | Дата корректировки | 20240301143658.0 | ||
| 008 | Кодируемые данные | 231019|||||||||ru |||||||||||||||||rus|| | ||
| 020 | a | ISBN | 978-5-907368-40-8 | |
| 041 | 0_ | a | Код языка текста | rus |
| 084 | a | Индекс другой классификации/Индекс ББК | 87.3(4Гем)+87.3(2) | |
| 090 | a | Полочн. индекс | 87.3(3) | |
| x | Авторский знак | М 37 | ||
| 100 | 1_ | a | Автор | Мачкарина О. Д. |
| 203 | a | Вид содержания | Текст | |
| c | Тип средства | электронный | ||
| 245 | 10 | a | Заглавие | Духовно-академическая мысль и критическая философия И. Канта: опыт рецепции в России |
| b | Продолж. заглавия | монография : научное электронное издание | ||
| c | Ответственность | Министерство науки и высшего образования Российской Федерации, Федеральное государственное автономное образовательное учреждение высшего образования "Мурманский государственный технический университет" | ||
| h | Физич. носитель | Электронный ресурс | ||
| 260 | a | Место издания | Мурманск | |
| b | Издательство | МГТУ | ||
| c | Дата издания | 2021 | ||
| 300 | a | Объем | 1 опт. компакт-диск (CD-ROM) | |
| 500 | a | Примечание | Сист. требования: PC не ниже класса Pentium II 128 ; Windows 9x - Windows 10 ; свободное место на HDD 131 Mb ; привод для компакт дисков CD-ROM 2-x и выше | |
| 500 | a | Примечание | Имеется электрон. аналог 2021 г. | |
| 520 | 0_ | a | Аннотация | В монографии раскрываются предпосылки кантоведческих дискуссий в России, пути проникновения идей немецкого философа, основные этапы и особенности интерпретаций критической философии И. Канта русскими религиозными мыслителями XIX в. Автор акцентирует внимание читателей на исследовании философских учений, получивших свое развитие в духовных академиях в России, сформированных на основе глубоких философских традиций под влиянием идей И. Канта, Г. Гегеля. Подчеркиваются глубинные основы различий форм функционирования философской мысли в России и Германии; раскрывается специфика прочтения текстов русскими духовноакадемическими мыслителями и их интерпретации онтологических, гносеологических и антропологических идей И. Канта; особое внимание обращается на нравственную проблематику; отмечается, что философская мысль в России, самостоятельно искавшая пути духовного освобождения, восприняла идеи немецких мыслителей как своеобразную точку отсчета в становлении новой системы ценностей. Монография адресована специалистам в области философии, преподавателям, аспирантам и студентам, интересующимся историей философии, русской философией, проблемами нравственного воспитания и образования, историей формирования русской философской культуры. Монография выполнена по результатам исследований в рамках гранта РФФИ и РЯИК № 20-511-23002 "Миграция идей и формирование национальных философских традиций: диалоги поверх границ" |
| 600 | 14 | a | Персоналии | Кант И., философ |
| 650 | 04 | a | Основная рубрика | Философия-Монографии |
| 653 | 0_ | a | Ключевые слова | Антропологические идеи Канта |
| a | Ключевые слова | Гносеологические идеи Канта | ||
| a | Ключевые слова | Духовно-академическая мысль Канта | ||
| a | Ключевые слова | Интерпретация философии Канта | ||
| a | Ключевые слова | История русской философии | ||
| a | Ключевые слова | Критическая философия Канта И. | ||
| a | Ключевые слова | Монографии | ||
| a | Ключевые слова | Онтологическая идея Канта | ||
| a | Ключевые слова | Труды преподавателей МГТУ | ||
| a | Ключевые слова | Философия Канта И. | ||
| a | Ключевые слова | Философия немецкая | ||
| a | Ключевые слова | Философия русская | ||
| a | Ключевые слова | Электронные ресурсы | ||
| 700 | 12 | a | Другие авторы | Мурманский государственный технический университет |
| e | Роль лиц | Издатель | ||
| 710 | 12 | a | Организация/ юрисдикция | Мурманский государственный технический университет |
| 900 | a | Имя макрообъекта | Мачкарина Духовно-академическая мысль | |
| 901 | t | Тип документа | m | |
| 952 | c | Вид литературы | монография |